000 00637nam a22002057a 4500
005 20140313102300.0
010 _aENG-109482
020 _c275.00
_a9788183163194
035 _aEN-93015
037 _bDBAD/PUB
082 _a327.172071
100 _aCharles, Kiruba
245 0 0 _aPeace and value education /
_cby KIruba Charles [and] V. Arul Selvi
260 _aHyderabad
_bNeelkamal Publications
_c2012
270 _aSultan Bazar
_bHyderabad
_e500095
300 _axv,404p.
_c24cm(pbk)
500 _aIncludes bibliographical references and index
700 _a Arul Selvi, V.
942 _2ddc
_cEN
_mCHA
_h327.172071
999 _c82799
_d82799